| 000 | 00560nam a22002057a 4500 | ||
|---|---|---|---|
| 005 | 20240731105625.0 | ||
| 008 | 240731b |||||||| |||| 00| 0 eng d | ||
| 020 | _a978-0-07-775587-4 | ||
| 082 |
_a338.5 _bMCC-M |
||
| 100 | _aMcConnel, Campbell.R | ||
| 245 |
_aMicroeconomics/ _bEcon 112/ _cCampbell R. McConnell |
||
| 250 | _a19th ed. | ||
| 260 |
_aUSA; _bMcGraw-Hill; _c2012. |
||
| 300 |
_axxxiii, 470 p.: _bill; _c25 cm; |
||
| 500 | _aInclude Glossary. | ||
| 650 | _aEconomics | ||
| 700 | _aStanley L.Bruce | ||
| 700 | _aSean M. Flynn | ||
| 999 |
_c36246 _d36246 |
||